| 000 | 00613nam a2200193 a 4500 | ||
|---|---|---|---|
| 005 | 20210223124629.0 | ||
| 008 | 020606s1999 ea r 000 0 eng d | ||
| 020 | _a0823066371 | ||
| 035 | _aUPN01000117734 | ||
| 049 | _aCE | ||
| 050 | 4 |
_aNA7860 _bA7.28 |
|
| 100 | 1 | _aAsensio, Francisco | |
| 245 | 1 | 0 |
_aDream apartments / _cPaco Asensio ; texto Aurora Cuito, Belén García ; tr. Richard L. Rees. |
| 260 |
_aNew York. : _bLoft : _bHBI, _c1999. |
||
| 300 |
_a175 p. : _bil. col. |
||
| 650 | 4 |
_aARQUITECTURA DE LA VIVIENDA - _vDISEÑOS Y PLANOS _92364 |
|
| 650 | 4 |
_aDECORACION DE INTERIORES _912562 |
|
| 905 | _aLibro | ||
| 999 |
_c90187 _d90187 |
||